Statistics for North American Capitals Without First or Last Letters Quiz #2

Click here to take the quiz!

General Stats

  • This quiz has been taken 26 times
  • The average score is 9 of 11

Answer Stats

North American Capitals Without First or Last LettersFull North American Capitals (and Countries)% Correct
ttawOttawa (Canada)
100%
a alvadoSan Salvador (El Salvador)
92%
ashingto (istric * olumbi)Washington, District of Columbia (United States)
92%
assaNassau (Bahamas)
84%
ain ohn'Saint John's (Antigua and Barbuda)
84%
ant omingSanto Domingo (Dominican Republic)
84%
anaguManagua (Nicaragua)
80%
astrieCastries (Saint Lucia)
72%
oseaRoseau (Dominica)
72%
or * paiPort of Spain (Trinidad and Tobago)
64%
a osSan José (Costa Rica)
52%

Score Distribution

Percentile by Number Answered

Percent of People with Each Score

Your Score History

You have not taken this quiz